Normal view
MARC view
- فضل الرحمٰن قاضی
Entry Personal Name
001 - CONTROL NUMBER
- control field: 121298
003 - CONTROL NUMBER IDENTIFIER
- control field: NUST
005 - DATE AND TIME OF LATEST TRANSACTION
- control field: 20240226101928.0
008 - FIXED-LENGTH DATA ELEMENTS
- fixed length control field: 240226|| aca||aabn | a|a d
040 ## - CATALOGING SOURCE
- Original cataloging agency: NUST
- Transcribing agency: NUST
100 ## - HEADING--PERSONAL NAME
- Personal name: فضل الرحمٰن قاضی
670 ## - SOURCE DATA FOUND
- Source citation: Work cat.: (NUST): فضل الرحمٰن قاضی, بلوچستان ميں اسٹيج ڈرامےکی روايت, 2011.
